000
00240nam a2200109Ia 4500
008
240625s9999 xx 000 0 und d
041
_a
eng
100
_a
THE ECONOMIC TIMES
245
_a
ET IN THE CLASS ROOM
260
_c
2003
365
_c
RS
999
_c
33628
_d
33628